000 00963nam a2200277Ia 4500
003 OSt
005 20220923211506.0
006 a|||||r|||| 00| 0
007 ta
008 220922b |||||||| |||| 00| 0 ben d
020 _a9789352296187 (hbk)
_c250
024 _a354,627
037 _bGV338, 29/12/2021, Vani Prakashan
_cTextual
040 _aARTS
_cARTS
_bben
041 _2ben
_aben
082 _aO157,3N26,JA, 152Q7
100 _aमहाश्वेता देवी, ले.
245 0 _aजटायु
246 _aJaṭāyu
260 _aनई दिल्ली
_b वाणी प्रकाशन
_c2017
300 _a112पृ0
_ccm.
650 _a बंगाली साहित्य
_9156264
650 _aबंगाली कहानी
942 _hO157,3N26,JA, 152Q7
_cTEXL
_2CC
999 _c300093
_d300093